Geografická diferenciácia kreativity na Slovensku
Analýza konceptu kreatívnej spoločnosti a jej aplikácia predovšetkým v podobe kreatívnej ekonomiky, kde je zdrojom ekonomického rastu ľudská kreativita. Priestorová diferenciácia kreatívnej spoločnosti na Slovensku na úrovni krajov. Koncept kreatívnej spoločnosti, zahŕňajúci koncept kreatívnej ekono...
Saved in:
| Main Author: | |
|---|---|
| Format: | Book Chapter |
| Language: | Slovak |
| Subjects: | |
| Tags: |
No Tags, Be the first to tag this record!
|
MARC
| LEADER | 00000naa a2200000 4500 | ||
|---|---|---|---|
| 001 | 0161669 | ||
| 005 | 20220718121413.6 | ||
| 041 | 0 | |a slo | |
| 044 | |a SK | ||
| 245 | 1 | 0 | |a Geografická diferenciácia kreativity na Slovensku |c Marta Ševčíková |
| 520 | |a Analýza konceptu kreatívnej spoločnosti a jej aplikácia predovšetkým v podobe kreatívnej ekonomiky, kde je zdrojom ekonomického rastu ľudská kreativita. Priestorová diferenciácia kreatívnej spoločnosti na Slovensku na úrovni krajov. Koncept kreatívnej spoločnosti, zahŕňajúci koncept kreatívnej ekonomiky a koncept kreatívnej triedy má významný geografický rozmer. Súčasťou Floridovho konceptu je mobilita kreatívnej triedy v zmysle migrácie za prácou, ktorá sa v geografii zaraďuje medzi tradičné témy. Výber vhodných indikátorov Indexu kreatívnej spoločnosti na Slovensku, ich spracovanie . | ||
| 610 | 2 | 0 | |a ekonomika kreatívna |
| 610 | 2 | 0 | |a Slovensko |
| 610 | 2 | 0 | |a zdroje ľudské |
| 610 | 2 | 0 | |a diferenciácia regionálna |
| 100 | 1 | |a Ševčíková, Marta | |